| 000 | 00000nam 2200000zi 4500 |
| 001 | 9.936937 |
| 003 | CaOODSP |
| 005 | 20240417110131 |
| 006 | m o d f |
| 007 | cr |n||||||||| |
| 008 | 240417e202305##onc o f|0| 0 fre d |
| 040 | |aCaOODSP|bfre|erda|cCaOODSP |
| 043 | |an-cn--- |
| 086 | 1 |aCC550-1/2023F-PDF |
| 245 | 00|aPlan d'action détaillé de l'APWD en réponse aux recommandations du Rapport d'examen spécial de la vérificatrice générale du Canada. |
| 264 | 1|aWindsor [Ont.] : |bWindsor-Detroit Bridge Authority = Autorité du Pont Windsor-Detroit, |cmai 2023. |
| 264 | 4|c©2023 |
| 300 | |a1 ressource en ligne (5 pages non numérotées) |
| 336 | |atexte|btxt|2rdacontent/fre |
| 337 | |ainformatique|bc|2rdamedia/fre |
| 338 | |aressource en ligne|bcr|2rdacarrier/fre |
| 500 | |aPublié aussi en anglais sous le titre : WDBA detailed action plan to the recommendations of the Special Examination Report of the Auditor General of Canada. |
| 610 | 10|aCanada. |bAutorité du pont Windsor-Détroit|xAudit. |
| 650 | 6|aSociétés d'État|zCanada|xGestion|xAudit. |
| 710 | 1 |aCanada. |bAutorité du pont Windsor-Détroit, |eorganisme de publication. |
| 775 | 08|tWDBA detailed action plan to the recommendations of the Special Examination Report of the Auditor General of Canada.|w(CaOODSP)9.936614 |
| 856 | 40|qPDF|s3.27 Mo|uhttps://publications.gc.ca/collections/collection_2024/apwd-wdba/CC550-1-2023-fra.pdf |